Solid State Physics / (Record no. 180777)
[ view plain ]
| 000 -LEADER | |
|---|---|
| fixed length control field | 00999 a2200193 4500 |
| 003 - CONTROL NUMBER IDENTIFIER | |
| control field | Nust |
| 005 - DATE AND TIME OF LATEST TRANSACTION | |
| control field | 20230712124146.0 |
| 020 ## - INTERNATIONAL STANDARD BOOK NUMBER | |
| International Standard Book Number | 8122416829 |
| 040 ## - CATALOGING SOURCE | |
| Transcribing agency | Nust |
| 082 ## - DEWEY DECIMAL CLASSIFICATION NUMBER | |
| Classification number | 530.41,PIL |
| 100 ## - MAIN ENTRY--PERSONAL NAME | |
| Personal name | S.O.Pillai |
| 245 ## - TITLE STATEMENT | |
| Title | Solid State Physics / |
| Statement of responsibility, etc. | S.O.Pillai |
| 250 ## - EDITION STATEMENT | |
| Edition statement | 6 th ed |
| 260 ## - PUBLICATION, DISTRIBUTION, ETC. | |
| Place of publication, distribution, etc. | New Delhi |
| Name of publisher, distributor, etc. | New Age International pub |
| Date of publication, distribution, etc. | 2005 |
| 300 ## - PHYSICAL DESCRIPTION | |
| Extent | 819:p |
| 505 ## - FORMATTED CONTENTS NOTE | |
| Formatted contents note | Introduction (Page-1), Review of atomic structure (Page-3), Inter atomic forces and bonding in solids (Page-47), Crystal Physics (Page-87), Wave nature of matter and X-ray diffraction (Page-157), Electrical properties of metals (Page-179), Thermal properties of solids (Page-334), Superconductivity (Page-358), Magnetic Properties of Materials (Page-429), Physics of Semiconductors (Page-523), Dielectrics and related properties (Page-625), Optical properties do 751 solids (Page-696), Miscellaneous Optics (Page-751), Some useful Information (Page-764). |
| 650 ## - SUBJECT ADDED ENTRY--TOPICAL TERM | |
| Topical term or geographic name entry element | Solid state physics. |
| 9 (RLIN) | 34429 |
| 942 ## - ADDED ENTRY ELEMENTS (KOHA) | |
| Source of classification or shelving scheme | |
| Koha item type | Book |
| Withdrawn status | Lost status | Source of classification or shelving scheme | Damaged status | Not for loan | Permanent Location | Current Location | Shelving location | Date acquired | Full call number | Barcode | Date last seen | Price effective from | Koha item type | Public note |
|---|---|---|---|---|---|---|---|---|---|---|---|---|---|---|
| Military College of Signals (MCS) | Military College of Signals (MCS) | General Stacks | 12/12/2016 | 530.41,PIL | MCS33531 | 12/08/2016 | 12/12/2016 | Book | Almirah No.16, Shelf No.1 | |||||
| Military College of Signals (MCS) | Military College of Signals (MCS) | General Stacks | 07/12/2023 | 530.41,PIL | MCS33528 | 07/12/2023 | 07/12/2023 | Book | Almirah No.77, Shelf No.3 | |||||
| Military College of Signals (MCS) | Military College of Signals (MCS) | General Stacks | 07/12/2023 | 530.41,PIL | MCS33529 | 07/12/2023 | 07/12/2023 | Book | Almirah No.77, Shelf No.3 | |||||
| Military College of Signals (MCS) | Military College of Signals (MCS) | General Stacks | 07/12/2023 | 530.41,PIL | MCS33530 | 07/12/2023 | 07/12/2023 | Book | Almirah No.77, Shelf No.3 |
